Catálogo público

Control de malezas en chícharo (Pisum sativum L.) bajo dos sistemas de labranza en Joquicingo, México / (Record no. 208207)

MARC details
000 -CABECERA
campo de control de longitud fija 01182nam a2200349Ia 4500
001 - NÚMERO DE CONTROL
campo de control Para_9533
003 - IDENTIFICADOR DEL NÚMERO DE CONTROL
campo de control CHAP
008 - DATOS DE LONGITUD FIJA--INFORMACIÓN GENERAL
campo de control de longitud fija 220125s2008 xx 000 0 und d
010 ## - NÚMERO DE CONTROL DE LA BIBLIOTECA DEL CONGRESO
Número de control de LC 208207
040 ## - FUENTE DE LA CATALOGACIÓN
Centro/agencia transcriptor CHAP
090 ## - LOCALMENTE ASIGNADO TIPO-LC NÚMERO DE CLASIFICACIÓN (OCLC); NÚMERO DE CLASIFICACIÓN LOCAL (RLIN)
Número de clasificación (OCLC) (R) ; Numero de clasificación, CALL (RLIN) (NR) TESIS 2224
100 ## - ENTRADA PRINCIPAL--NOMBRE DE PERSONA
Nombre de persona Peralta Quintas, Miguel
9 (RLIN) 87043
245 ## - MENCIÓN DE TÍTULO
Título Control de malezas en chícharo (Pisum sativum L.) bajo dos sistemas de labranza en Joquicingo, México /
Mención de responsabilidad, etc. por Miguel Peralta Quintas
260 ## - PUBLICACIÓN, DISTRIBUCIÓN, ETC.
Lugar de publicación, distribución, etc. Chapingo, Méx. :
Nombre del editor, distribuidor, etc. el autor
300 ## - DESCRIPCIÓN FÍSICA
Extensión 73 h.
502 ## - NOTA DE TESIS
Nota de tesis Tesis (Ing. Agr. Esp. en Parasitología Agrícola) -- UACh. Departamento Parasitología Agrícola
650 ## - PUNTO DE ACCESO ADICIONAL DE MATERIA--TÉRMINO DE MATERIA
Término de materia o nombre geográfico como elemento de entrada Chícharo
Subdivisión general malas hierbas
-- control
9 (RLIN) 22833
650 ## - PUNTO DE ACCESO ADICIONAL DE MATERIA--TÉRMINO DE MATERIA
Término de materia o nombre geográfico como elemento de entrada Herbicidas
9 (RLIN) 53691
650 ## - PUNTO DE ACCESO ADICIONAL DE MATERIA--TÉRMINO DE MATERIA
Término de materia o nombre geográfico como elemento de entrada Labranza
9 (RLIN) 64303
650 ## - PUNTO DE ACCESO ADICIONAL DE MATERIA--TÉRMINO DE MATERIA
Término de materia o nombre geográfico como elemento de entrada Labranza cero
9 (RLIN) 64307
650 ## - PUNTO DE ACCESO ADICIONAL DE MATERIA--TÉRMINO DE MATERIA
Término de materia o nombre geográfico como elemento de entrada Labranza de conservación
9 (RLIN) 64308
650 ## - PUNTO DE ACCESO ADICIONAL DE MATERIA--TÉRMINO DE MATERIA
Término de materia o nombre geográfico como elemento de entrada Malas hierbas
Subdivisión general control
9 (RLIN) 70011
650 ## - PUNTO DE ACCESO ADICIONAL DE MATERIA--TÉRMINO DE MATERIA
Término de materia o nombre geográfico como elemento de entrada Sistemas de cultivo
9 (RLIN) 106746
710 ## - PUNTO DE ACCESO ADICIONAL--NOMBRE DE ENTIDAD CORPORATIVA
Nombre de entidad corporativa o nombre de jurisdicción como elemento de entrada UACh. Departamento Parasitología Agrícola
9 (RLIN) 164025
901 ## - ELEMENTOS DE DATOS A LOCAL LDA (RLIN)
a TESIS 2224
902 ## - ELEMENTOS DE DATOS B LOCAL, LDB (RLIN)
a M
905 ## - ELEMENTOS DE DATOS E LOCAL, LDE (RLIN)
a 0000002008 n 0000000000 00
910 ## - DATOS DE OPCIÓN DEL USUARIO (OCLC)
Datos de opción del usuario 2008
942 ## - ELEMENTOS DE PUNTO DE ACCESO ADICIONAL (KOHA)
Tipo de ítem Koha Parasitologia_
942 ## - ELEMENTOS DE PUNTO DE ACCESO ADICIONAL (KOHA)
Tipo de ítem Koha Parasitologia_
-- 2
Holdings
Estado de retiro Estado de pérdida Fuente del sistema de clasificación o colocación Estado dañado No para préstamo Código de colección Localización permanente Ubicación/localización actual Ubicación en estantería Fecha de adquisición Información codificada de la localización en otra ubicación Total de préstamos Código de barras Fecha visto por última vez Número de copia Precio válido a partir de Tipo de ítem Koha Nota pública
    Clasificación Universidad Autónoma de Chapingo     Tesis Parasitologia Agricola Parasitologia Agricola   11/12/2008 PARA   PA_09450-2 25/01/2022 2 25/01/2022 Tesis 3
    Clasificación Universidad Autónoma de Chapingo     Tesis Parasitologia Agricola Parasitologia Agricola   11/12/2008 PARA   PA_09450 25/01/2022 1 25/01/2022 Tesis 3